000 00293nam a22001337a 4500
008 170420b xxu||||| |||| 00| 0 eng d
020 _a014005000811
041 _aeng
080 _a573
100 _a11
101 _aSHM
245 _aBULBS FOR ALL SEASONS
_cJIMERSON, D.A
942 _2udc
_cBK
999 _c11342
_d11342